000 00202nam a22001097a 4500
020 _a9789351869108
082 _a890.2
100 _aPATEL, SURAJ
245 _aRAKSHAK RAM
300 _a184P
942 _cBK
999 _c2687
_d2687